• 首页
  • 本馆介绍
  • 公告通知
  • 最新文献
  • 馆藏检索
  • 电子资源
  • 读者导购
  • 参考咨询
  • 我的图书馆
  • 登录
  • 详细信息显示
  • 放入我的书架
  • 预约/预借图书
  • 作者相关作品
  • 分类相关作品
  • 丛书相关作品
  • 出版社相关作品

书目信息

  • 表格格式
  • 工作单格式
  • 卡片格式
题名:
印染质量控制与管理
    
 
作者: 王维明 主编
分册:  
出版信息: 北京   中国纺织出版社  2019
页数: 228页
开本: 26cm
丛书名:
单 册:
中图分类: TS190.6
科图分类:
主题词: 纺织品--染整--质量控制--高等教育--教材 , 纺织品--染整--质量管理--高等教育--教材
电子资源:
ISBN: 978-7-5180-5871-6
000 01117nam0 2200253 450
001 012001002873
005 20140125163410.0
010    @a978-7-5180-5871-6@dCNY58.00
100    @a20190823d2019 em y0chiy50 ea
101 0  @achi
102    @aCN@b110000
105    @ay z 000yy
106    @ar
200 1  @a印染质量控制与管理@Ayin ran zhi liang kong zhi yu guan li@f王维明主编
210    @a北京@c中国纺织出版社@d2019
215    @a228页@d26cm
300    @a“十三五”普通高等教育本科部委级规划教材
330    @a本书以现代质量观为中心,较为详细地阐述质量与印染产品质量的,简要介绍了产品质量管理理论及统计质量控制的常用方法,系统讲解了生产技术管理、生产现场管理、能源管理与节能减排、精细化管理、信息管理、产品开发与产权保护等相关知识在对印染产品质量进行控制与管理中的重要作用。同时设置了设计性实验,可以提高学生对印染产品质量影响因素的控制能力及新产品工艺设计能力。
606 0  @a纺织品@x染整@x质量控制@x高等教育@j教材
606 0  @a纺织品@x染整@x质量管理@x高等教育@j教材
690    @aTS190.6@v5
701  0 @a王维明@Awang wei ming@4主编
801  0 @aCN@b北京卓展@c20191020
905    @b1204591-3@dTS190.6@e14@f3
    
    印染质量控制与管理/王维明主编.-北京:中国纺织出版社,2019
    228页;26cm
    “十三五”普通高等教育本科部委级规划教材
    
    ISBN 978-7-5180-5871-6:CNY58.00
    本书以现代质量观为中心,较为详细地阐述质量与印染产品质量的,简要介绍了产品质量管理理论及统计质量控制的常用方法,系统讲解了生产技术管理、生产现场管理、能源管理与节能减排、精细化管理、信息管理、产品开发与产权保护等相关知识在对印染产品质量进行控制与管理中的重要作用。同时设置了设计性实验,可以提高学生对印染产品质量影响因素的控制能力及新产品工艺设计能力。
●
相关链接 在E读中查询图书 在五车中查询图书 在当当中查询图书 在豆瓣中查询图书


正题名:印染质量控制与管理     索取号:TS190.6/14         预约/预借

序号 登录号 条形码 馆藏地/架位号 状态 备注
1 1204591   212045918   第二样本阅览室/ [索取号:TS190.6/14] 在馆    
2 1204592   212045927   第三借阅区/ [索取号:TS190.6/14] 在馆    
3 1204593   212045936   第三借阅区/ [索取号:TS190.6/14] 在馆    
唐山师范学院图书馆 欢迎您!
大连网信软件有限公司© 版权所有